| 000 | 00813nam a2200241 a 4500 | ||
|---|---|---|---|
| 005 | 20220519063923.0 | ||
| 008 | 991125s1990 chi 000 0 eng u | ||
| 020 | _a0852295316 | ||
| 035 | _aUPN01000025844 | ||
| 049 | _aCG | ||
| 050 | 4 |
_aAC1 _bG7 1990 v.22 |
|
| 100 | 1 |
_aRabelais, Francois, _d1490-1553 |
|
| 245 | 1 | 0 |
_aGargantua and Pantagruel / _cFrancois Rabelais ; tr. Sir Thomas Urguhart and Peter Moteux. |
| 250 | _a2nd ed. | ||
| 260 |
_aChicago, EUA : _bEncyclopaedia Britannica, _c1990. |
||
| 300 | _axi, 318 p. | ||
| 440 | 0 |
_aGreat books of the western world ; _v22 |
|
| 500 | _aBiografĂa del autor: p.v. | ||
| 600 | 1 | 4 |
_aRABELAIS, FRANCOIS, _d1490-1553 _vTRADUCCIONES AL INGLES |
| 650 | 2 |
_aCiencia _vColecciones _99879 |
|
| 650 | 4 |
_aLITERATURA FRANCESA - _xTRADUCCIONES EN INGLES |
|
| 905 | _aLibro | ||
| 999 |
_c25844 _d25844 |
||